000 00444nam a22001457a 4500
008 150812b xxu||||| |||| 00| 0 eng d
020 _a6781154764881
050 _aBL51.C886
100 _aCraig, William Lane
_918588
245 _aOn Guard
_bdefending your faith with reason and precision
_cWilliam Lane Craig
260 _aCanada
_bDavid Cook
_c2010
300 _a286p. ;
_c23cm.
650 _aFaith and Reason
_94721
942 _2lcc
_cMONOGRAPH
999 _c123057
_d123057